[Event "39. Open Ciutat de Badalona 2013"]
[Site "Badalona ESP"]
[Date "2013.08.04"]
[Round "3.3"]
[White "Alsina Leal, Daniel"]
[Black "Valsecchi, Alessio"]
[Result "1/2-1/2"]
[WhiteElo "2538"]
[BlackElo "2412"]
[PlyCount "98"]
[EventDate "2013.08.02"]
[EventType "swiss"]
[EventRounds "9"]
[EventCountry "ESP"]
[SourceTitle "Ajedrez en Madrid"]
[Source "lmi"]
[SourceDate "2013.08.02"]
[SourceVersion "1"]
[SourceVersionDate "2018.07.18"]
[SourceQuality "1"]

1. e4 e5 2. Nf3 Nc6 3. Bb5 a6 4. Bxc6 dxc6 5. O-O f6 6. d4 exd4 7. Nxd4 c5 8.
Ne2 Qxd1 9. Rxd1 Bd7 10. Be3 O-O-O 11. Nbc3 Re8 12. f3 Bc6 13. Kf2 b6 14. a4 a5
15. Nb5 Kb7 16. Nf4 Nh6 17. Nd5 Bxb5 18. axb5 Nf7 19. Nc3 Bd6 20. f4 h5 21. h4
Nh6 22. Rd5 g6 23. Rad1 Rhf8 24. g3 Re6 25. Kg2 Rfe8 26. Kf3 Nf7 27. Bf2 Kc8
28. R1d2 Bf8 29. Re2 Bg7 30. b3 Nd6 31. f5 gxf5 32. exf5 Rxe2 33. Nxe2 Bh6 34.
c4 Nf7 35. Nc3 Ne5+ 36. Kg2 Ng4 37. Rd3 Re5 38. Rf3 Kb7 39. Bg1 Bd2 40. Nd5 c6
41. bxc6+ Kxc6 42. Rd3 Bb4 43. Be3 b5 44. Bf4 Re2+ 45. Kf3 Rf2+ 46. Ke4 Re2+
47. Kf3 Rf2+ 48. Ke4 Re2+ 49. Kf3 Rf2+ 1/2-1/2

[Event "39. Open Ciutat de Badalona 2013"]
[Site "Badalona ESP"]
[Date "2013.08.04"]
[Round "3.4"]
[White "Gallego Alcaraz, Andres Felipe"]
[Black "Flores Rios, Mauricio"]
[Result "0-1"]
[WhiteElo "2421"]
[BlackElo "2519"]
[PlyCount "104"]
[EventDate "2013.08.02"]
[EventType "swiss"]
[EventRounds "9"]
[EventCountry "ESP"]
[SourceTitle "Ajedrez en Madrid"]
[Source "lmi"]
[SourceDate "2013.08.02"]
[SourceVersion "1"]
[SourceVersionDate "2018.07.18"]
[SourceQuality "1"]

1. d4 Nf6 2. Nf3 g6 3. c4 Bg7 4. Nc3 d5 5. cxd5 Nxd5 6. e4 Nxc3 7. bxc3 O-O 8.
Rb1 c5 9. Be2 b6 10. O-O Bb7 11. Qd3 Nd7 12. d5 c4 13. Qxc4 Nc5 14. Qb4 e6 15.
Be3 Rc8 16. Rfd1 exd5 17. exd5 Re8 18. c4 Bf8 19. Qd2 Bd6 20. Bd4 Ne4 21. Qb2
Ba6 22. Ne5 Qc7 23. Ng4 h5 24. Bh8 f5 25. c5 bxc5 26. Bxa6 hxg4 27. Bxc8 Bxh2+
28. Kf1 Rxc8 29. d6 Bxd6 30. Rxd6 Nxd6 31. Be5 Nc4 32. Qb3 Qf7 33. Bc3 Nb6 34.
Rd1 Qxb3 35. axb3 c4 36. bxc4 Rxc4 37. Bd4 Ra4 38. Bxb6 axb6 39. Rd6 Rb4 40.
Rxg6+ Kf7 41. Rh6 Rb2 42. g3 b5 43. Rb6 b4 44. Kg2 Ke7 45. Kg1 Rb1+ 46. Kg2 b3
47. Kh2 Kd7 48. Kg2 Kc7 49. Rb4 Kc6 50. Rb8 Kc5 51. Rf8 Rd1 52. Rb8 Kc4 0-1

[Event "39. Open Ciutat de Badalona 2013"]
[Site "Badalona ESP"]
[Date "2013.08.04"]
[Round "3.5"]
[White "Fluvia Poyatos, Joan"]
[Black "Perpinya Rofes, Lluis Maria"]
[Result "1-0"]
[WhiteElo "2491"]
[BlackElo "2403"]
[PlyCount "127"]
[EventDate "2013.08.02"]
[EventType "swiss"]
[EventRounds "9"]
[EventCountry "ESP"]
[SourceTitle "Ajedrez en Madrid"]
[Source "lmi"]
[SourceDate "2013.08.02"]
[SourceVersion "1"]
[SourceVersionDate "2018.07.18"]
[SourceQuality "1"]

1. e4 c5 2. Nf3 Nc6 3. d4 cxd4 4. Nxd4 g6 5. c4 Bg7 6. Be3 Nf6 7. Nc3 O-O 8.
Be2 d6 9. O-O Bd7 10. Qd2 Nxd4 11. Bxd4 Bc6 12. f3 a5 13. b3 Nd7 14. Be3 Nc5
15. Rab1 e6 16. Rfd1 Be5 17. Bf1 Qe7 18. Bd4 Rad8 19. Qe3 b6 20. a3 Bxd4 21.
Rxd4 Qc7 22. Rd2 e5 23. b4 axb4 24. axb4 Ne6 25. Rbd1 Nd4 26. Ne2 Ne6 27. h4
Kg7 28. Qa3 b5 29. Nc3 bxc4 30. Bxc4 Nd4 31. Ne2 Nxe2+ 32. Rxe2 f5 33. Bd5 fxe4
34. Rxe4 Bxd5 35. Rxd5 Qc2 36. b5 Qc7 37. Kh2 Rf6 38. Qd3 Rdf8 39. Qa3 Qb6 40.
Qe3 Qb7 41. Qd2 Qb6 42. Rg4 h5 43. Re4 R8f7 44. Kg3 Qc7 45. Kh2 Qb6 46. Qe3 Qb7
47. Qd2 Qb6 48. Rc4 Rc7 49. Ra4 Rd7 50. Rxe5 Qd8 51. Rd5 Re7 52. Qd4 Qd7 53. b6
Ref7 54. Rc4 Qd8 55. Rc6 Rd7 56. b7 Qb8 57. Rb6 Rxb7 58. Rdxd6 Rxb6 59. Qxf6+
Kh7 60. Qxg6+ Kh8 61. Qxh5+ Kg8 62. Qg6+ Kh8 63. Qf6+ Kh7 64. Qe7+ 1-0

[Event "39. Open Ciutat de Badalona 2013"]
[Site "Badalona ESP"]
[Date "2013.08.04"]
[Round "3.6"]
[White "Ynojosa, Felix Jose"]
[Black "Perez Mitjans, Orelvis"]
[Result "1/2-1/2"]
[WhiteElo "2405"]
[BlackElo "2475"]
[PlyCount "100"]
[EventDate "2013.08.02"]
[EventType "swiss"]
[EventRounds "9"]
[EventCountry "ESP"]
[SourceTitle "Ajedrez en Madrid"]
[Source "lmi"]
[SourceDate "2013.08.02"]
[SourceVersion "1"]
[SourceVersionDate "2018.07.18"]
[SourceQuality "1"]

1. e4 e5 2. Nf3 Nc6 3. Bc4 Bc5 4. Nc3 d6 5. Na4 Bb6 6. O-O Nf6 7. d3 Na5 8. Bb3
Bd7 9. Bd2 O-O 10. c4 Nc6 11. h3 h6 12. Nxb6 axb6 13. Bc2 Ne7 14. d4 Ng6 15.
Re1 Qe7 16. b4 c5 17. d5 Nh5 18. Nd4 cxd4 19. Qxh5 b5 20. cxb5 Bxb5 21. a4 Rfc8
22. Rec1 Bc4 23. Bd1 b5 24. a5 Rc7 25. g3 Nf8 26. Bf3 Nd7 27. Bg2 Rf8 28. g4
Nf6 29. Qf5 Nh7 30. Qf3 Rfc8 31. Qg3 Nf8 32. f4 f6 33. f5 Be2 34. Qe1 d3 35.
Rxc7 Rxc7 36. Rc1 h5 37. gxh5 Bxh5 38. Rxc7 Qxc7 39. Qc1 Qb8 40. Be3 Nd7 41. a6
Nb6 42. Qc6 Nc4 43. a7 Qxa7 44. Bxa7 d2 45. Bf3 Bxf3 46. Qe8+ Kh7 47. Qg6+ Kg8
48. Qe8+ Kh7 49. Qg6+ Kh8 50. Qe8+ Kh7 1/2-1/2

[Event "39. Open Ciutat de Badalona 2013"]
[Site "Badalona ESP"]
[Date "2013.08.04"]
[Round "3.7"]
[White "Escobar Forero, Alder"]
[Black "Espinoza Palomino, Willyam"]
[Result "1/2-1/2"]
[WhiteElo "2466"]
[BlackElo "2363"]
[PlyCount "76"]
[EventDate "2013.08.02"]
[EventType "swiss"]
[EventRounds "9"]
[EventCountry "ESP"]
[SourceTitle "Ajedrez en Madrid"]
[Source "lmi"]
[SourceDate "2013.08.02"]
[SourceVersion "1"]
[SourceVersionDate "2018.07.18"]
[SourceQuality "1"]

1. e4 e5 2. Nf3 Nc6 3. Bb5 a6 4. Ba4 Nf6 5. O-O Be7 6. d3 d6 7. c3 O-O 8. Nbd2
b5 9. Bc2 d5 10. Qe2 Bb7 11. a3 Re8 12. b4 a5 13. Bb2 Bf8 14. Nb3 Bc8 15. Rfe1
Be6 16. h3 dxe4 17. dxe4 Bc4 18. Qe3 Nd7 19. Rad1 Bd6 20. Bc1 Qe7 21. Nbd2 Nb6
22. Bd3 Bxd3 23. Qxd3 axb4 24. axb4 Na7 25. Nf1 Red8 26. Qb1 Na4 27. Rd3 Nc8
28. Ne3 Ncb6 29. Nf5 Qe8 30. Nh2 Bf8 31. Rg3 Kh8 32. Ng4 Qe6 33. f4 Nc4 34.
fxe5 Nxe5 35. Nd4 Qe8 36. Nf5 Qe6 37. Nd4 Qe8 38. Nf5 Qe6 1/2-1/2

[Event "39. Open Ciutat de Badalona 2013"]
[Site "Badalona ESP"]
[Date "2013.08.04"]
[Round "3.8"]
[White "Colon Garcia, Enrique"]
[Black "Munoz Pantoja, Miguel"]
[Result "1/2-1/2"]
[WhiteElo "2380"]
[BlackElo "2456"]
[PlyCount "42"]
[EventDate "2013.08.02"]
[EventType "swiss"]
[EventRounds "9"]
[EventCountry "ESP"]
[SourceTitle "Ajedrez en Madrid"]
[Source "lmi"]
[SourceDate "2013.08.02"]
[SourceVersion "1"]
[SourceVersionDate "2018.07.18"]
[SourceQuality "1"]

1. d4 Nf6 2. c4 e6 3. Nf3 d5 4. Nc3 Be7 5. e3 O-O 6. Bd3 dxc4 7. Bxc4 a6 8. O-O
b5 9. Bd3 Bb7 10. b3 c5 11. dxc5 Bxc5 12. Bb2 Nbd7 13. Rc1 Qb6 14. Bb1 Rfd8 15.
Qe2 Rac8 16. Nd2 Bc6 17. Nce4 Be7 18. Nxf6+ Bxf6 19. Ne4 Bxb2 20. Qxb2 Bxe4 21.
Bxe4 Nf6 1/2-1/2

[Event "39. Open Ciutat de Badalona 2013"]
[Site "Badalona ESP"]
[Date "2013.08.04"]
[Round "3.9"]
[White "Guerra Mendez, Jose Angel"]
[Black "Bremner, Adam"]
[Result "1-0"]
[WhiteElo "2516"]
[BlackElo "2228"]
[PlyCount "81"]
[EventDate "2013.08.02"]
[EventType "swiss"]
[EventRounds "9"]
[EventCountry "ESP"]
[SourceTitle "Ajedrez en Madrid"]
[Source "lmi"]
[SourceDate "2013.08.02"]
[SourceVersion "1"]
[SourceVersionDate "2018.07.18"]
[SourceQuality "1"]

1. e4 c5 2. Nf3 Nc6 3. d4 cxd4 4. Nxd4 g6 5. c4 Nf6 6. Nc3 Nxd4 7. Qxd4 d6 8.
Be3 Bg7 9. f3 O-O 10. Qd2 Be6 11. Rc1 Qa5 12. Be2 Rfc8 13. b3 a6 14. Na4 Qxd2+
15. Kxd2 Nd7 16. g4 f5 17. gxf5 gxf5 18. Nc3 Nf6 19. Rhg1 Kh8 20. Rg2 Rg8 21.
Rcg1 fxe4 22. fxe4 Nd7 23. Nd5 Bxd5 24. exd5 Ne5 25. Kc2 Bf6 26. Rxg8+ Rxg8 27.
Rxg8+ Kxg8 28. b4 e6 29. dxe6 Kf8 30. Kb3 Ke7 31. Bf1 Nc6 32. Ka4 Bc3 33. a3 a5
34. Bh3 axb4 35. Bg5+ Kf8 36. axb4 Bxb4 37. e7+ Kf7 38. Be6+ Ke8 39. Bg4 Nxe7
40. Kxb4 Nc6+ 41. Kb5 1-0

[Event "39. Open Ciutat de Badalona 2013"]
[Site "Badalona ESP"]
[Date "2013.08.04"]
[Round "3.10"]
[White "Jerez Perez, Alfonso"]
[Black "Narciso Dublan, Marc"]
[Result "1/2-1/2"]
[WhiteElo "2377"]
[BlackElo "2505"]
[PlyCount "68"]
[EventDate "2013.08.02"]
[EventType "swiss"]
[EventRounds "9"]
[EventCountry "ESP"]
[SourceTitle "Ajedrez en Madrid"]
[Source "lmi"]
[SourceDate "2013.08.02"]
[SourceVersion "1"]
[SourceVersionDate "2018.07.18"]
[SourceQuality "1"]

1. e4 d5 2. exd5 Qxd5 3. Nc3 Qa5 4. Bc4 Nf6 5. d3 Bg4 6. f3 Bd7 7. Bd2 Qb6 8.
Qe2 Nc6 9. O-O-O Nd4 10. Qe5 e6 11. Ne4 Nxe4 12. dxe4 f6 13. Qh5+ g6 14. Qh4 e5
15. c3 Be7 16. Qe1 Qc5 17. Qf1 Ne6 18. Nh3 O-O-O 19. Kb1 Ng7 20. Nf2 Be6 21.
Bxe6+ Nxe6 22. Qe2 a6 23. Be3 Qb5 24. Qxb5 axb5 25. Rxd8+ Rxd8 26. Kc2 Kd7 27.
Rd1+ Bd6 28. Nd3 Ke7 29. Ra1 Ra8 30. b3 f5 31. a4 c5 32. Nb2 bxa4 33. Rxa4 Rxa4
34. Nxa4 f4 1/2-1/2

[Event "39. Open Ciutat de Badalona 2013"]
[Site "Badalona ESP"]
[Date "2013.08.05"]
[Round "4.2"]
[White "Panelo, Marcelo"]
[Black "Vocaturo, Daniele"]
[Result "1-0"]
[WhiteElo "2438"]
[BlackElo "2549"]
[PlyCount "55"]
[EventDate "2013.08.02"]
[EventType "swiss"]
[EventRounds "9"]
[EventCountry "ESP"]
[SourceTitle "Ajedrez en Madrid"]
[Source "lmi"]
[SourceDate "2013.08.02"]
[SourceVersion "1"]
[SourceVersionDate "2018.07.18"]
[SourceQuality "1"]

1. d4 Nf6 2. c4 e6 3. Nc3 Bb4 4. e3 b6 5. Nge2 Bb7 6. a3 Bd6 7. b3 O-O 8. Bb2
Ng4 9. Nf4 Qh4 10. g3 Qh6 11. d5 f5 12. Bg2 e5 13. h3 Nxf2 14. Kxf2 exf4 15.
exf4 Bc5+ 16. Kf1 Re8 17. b4 Bf8 18. Qd3 a5 19. b5 Qf6 20. Na4 Qf7 21. Kf2 d6
22. Rae1 Nd7 23. Re6 g6 24. Rhe1 Re7 25. Qc3 Bg7 26. Rxe7 Bxc3 27. Bxc3 Qf8 28.
Rg7+ 1-0

[Event "39. Open Ciutat de Badalona 2013"]
[Site "Badalona ESP"]
[Date "2013.08.05"]
[Round "4.3"]
[White "Dvirnyy, Danyyil"]
[Black "Ynojosa, Felix Jose"]
[Result "1-0"]
[WhiteElo "2549"]
[BlackElo "2405"]
[PlyCount "127"]
[EventDate "2013.08.02"]
[EventType "swiss"]
[EventRounds "9"]
[EventCountry "ESP"]
[SourceTitle "Ajedrez en Madrid"]
[Source "lmi"]
[SourceDate "2013.08.02"]
[SourceVersion "1"]
[SourceVersionDate "2018.07.18"]
[SourceQuality "1"]

1. Nf3 Nf6 2. c4 e6 3. g3 b6 4. Bg2 Bb7 5. O-O c5 6. Nc3 Be7 7. Re1 d5 8. cxd5
exd5 9. d4 O-O 10. Bf4 Nc6 11. dxc5 bxc5 12. Rc1 h6 13. Na4 c4 14. b3 Ba3 15.
Rb1 Bb4 16. Bd2 Qe7 17. bxc4 dxc4 18. Qc1 Ba6 19. Nd4 Bxd2 20. Qxd2 Nxd4 21.
Bxa8 Qd8 22. Red1 Nxe2+ 23. Qxe2 Qxa8 24. Nc5 Re8 25. Qc2 Bc8 26. Re1 Rxe1+ 27.
Rxe1 Qc6 28. Ne4 Bb7 29. f3 Nd5 30. Rb1 c3 31. Rb3 a5 32. Rb1 f5 33. Nf2 Ne3
34. Qe2 f4 35. Ne4 Ba6 36. Qe1 c2 37. Rc1 Bd3 38. gxf4 Qg6+ 39. Ng3 Nf5 40. Qf2
Qc6 41. Ne4 Qc4 42. Qc5 Qe6 43. Kf2 Bxe4 44. fxe4 Qxe4 45. Qxc2 Qxf4+ 46. Kg1
Nd4 47. Qc4+ Kh8 48. Rc3 Qg4+ 49. Kf2 Qh4+ 50. Kg2 Qe4+ 51. Kf2 Qh4+ 52. Kf1
Qf4+ 53. Ke1 Qe5+ 54. Kd1 Qh5+ 55. Ke1 Nf3+ 56. Kf2 Nxh2 57. Rg3 g5 58. Qc8+
Kg7 59. Qd7+ Kf6 60. Rh3 Qg4 61. Rxh6+ Ke5 62. Qd6+ Ke4 63. Re6+ Kf5 64. Qe5#
1-0

[Event "39. Open Ciutat de Badalona 2013"]
[Site "Badalona ESP"]
[Date "2013.08.05"]
[Round "4.4"]
[White "Espinoza Palomino, Willyam"]
[Black "Alsina Leal, Daniel"]
[Result "0-1"]
[WhiteElo "2363"]
[BlackElo "2538"]
[PlyCount "88"]
[EventDate "2013.08.02"]
[EventType "swiss"]
[EventRounds "9"]
[EventCountry "ESP"]
[SourceTitle "Ajedrez en Madrid"]
[Source "lmi"]
[SourceDate "2013.08.02"]
[SourceVersion "1"]
[SourceVersionDate "2018.07.18"]
[SourceQuality "1"]

1. e4 e6 2. d4 d5 3. Nc3 Bb4 4. e5 c5 5. a3 Ba5 6. b4 cxd4 7. Nb5 Bc7 8. f4 Bd7
9. Nxc7+ Qxc7 10. Nf3 Ba4 11. Bd3 Ne7 12. O-O Nbc6 13. Bb2 Qb6 14. Rb1 Bb5 15.
Bxb5 Qxb5 16. Bxd4 Nxd4 17. Nxd4 Qb6 18. Kh1 Rc8 19. Qd3 Rc4 20. Rbd1 O-O 21.
f5 exf5 22. Nxf5 Nxf5 23. Rxf5 Qe6 24. Qxd5 Qxd5 25. Rxd5 Rxc2 26. h3 Rc7 27.
Rf3 Re8 28. Rfd3 Kf8 29. Kh2 Rec8 30. Rd7 Ke8 31. Rxc7 Rxc7 32. Kg3 Ke7 33. Kf3
Rc2 34. Re3 Ke6 35. Rd3 Ra2 36. Rd6+ Ke7 37. Rd3 b6 38. g3 Ke6 39. Re3 Kd5 40.
h4 a5 41. bxa5 bxa5 42. Rb3 a4 43. Re3 Rb2 44. Kg4 Rb3 0-1

[Event "39. Open Ciutat de Badalona 2013"]
[Site "Badalona ESP"]
[Date "2013.08.05"]
[Round "4.5"]
[White "Valsecchi, Alessio"]
[Black "Guerra Mendez, Jose Angel"]
[Result "1/2-1/2"]
[WhiteElo "2412"]
[BlackElo "2516"]
[PlyCount "183"]
[EventDate "2013.08.02"]
[EventType "swiss"]
[EventRounds "9"]
[EventCountry "ESP"]
[SourceTitle "Ajedrez en Madrid"]
[Source "lmi"]
[SourceDate "2013.08.02"]
[SourceVersion "1"]
[SourceVersionDate "2018.07.18"]
[SourceQuality "1"]

1. Nf3 Nf6 2. c4 b6 3. g3 Bb7 4. Bg2 e6 5. O-O Be7 6. Nc3 O-O 7. Re1 d5 8. cxd5
exd5 9. d4 Na6 10. Bf4 c6 11. Ne5 Nc7 12. Qa4 b5 13. Qb3 Ne6 14. Rad1 Qb6 15.
Be3 Rfd8 16. Bh3 a5 17. a3 a4 18. Qc2 c5 19. Nf3 c4 20. Ng5 Nxg5 21. Bxg5 h6
22. Bxf6 Bxf6 23. e3 Bc6 24. Bg2 b4 25. axb4 Qxb4 26. Ra1 Ra5 27. Ra3 Rb8 28.
Re2 g6 29. Qd2 Qb6 30. Ra1 Qa7 31. h4 Rd8 32. h5 gxh5 33. e4 Bg5 34. Qc2 dxe4
35. d5 Bxd5 36. Nxd5 Rdxd5 37. Qxc4 Rd4 38. Qc6 e3 39. fxe3 Rg4 40. Qd6 Ra6 41.
Qd5 Rxg3 42. Kh1 Rxe3 43. Rxe3 Qxe3 44. Qe4 Qg3 45. Ra3 Qb8 46. Qb7 Qd6 47. Bd5
Be7 48. Rf3 Rb6 49. Qc8+ Bf8 50. Bxf7+ Kh8 51. Bd5 Rb8 52. Qf5 Qe7 53. Qf6+
Qxf6 54. Rxf6 Kg7 55. Ra6 Rxb2 56. Rxa4 Bd6 57. Rh4 Rd2 58. Rxh5 Kg6 59. Bf3
Bf4 60. Rd5 Rh2+ 61. Kg1 Rb2 62. Be4+ Kg7 63. Rf5 Bg5 64. Kf1 Rb4 65. Bd3 Rd4
66. Ke2 Rh4 67. Kf2 Rh2+ 68. Kg3 Rd2 69. Be4 Re2 70. Bf3 Re1 71. Bh5 Rh1 72.
Bf3 Rg1+ 73. Kf2 Ra1 74. Bh5 Rh1 75. Bf3 Rh4 76. Rb5 Kg6 77. Rb6+ Bf6 78. Kg3
Rd4 79. Rb5 Rd3 80. Kg2 Rd2+ 81. Kg3 Bd4 82. Be4+ Kf6 83. Kg4 Be5 84. Rb6+ Bd6
85. Rb5 Rd4 86. Rf5+ Ke6 87. Kf3 Ra4 88. Rb5 Ra1 89. Kf2 Rc1 90. Rh5 Bf4 91.
Rf5 Bg5 92. Rb5 1/2-1/2

[Event "39. Open Ciutat de Badalona 2013"]
[Site "Badalona ESP"]
[Date "2013.08.05"]
[Round "4.7"]
[White "Vittorino, Carlo Giovanni"]
[Black "Escobar Forero, Alder"]
[Result "0-1"]
[WhiteElo "2296"]
[BlackElo "2466"]
[PlyCount "82"]
[EventDate "2013.08.02"]
[EventType "swiss"]
[EventRounds "9"]
[EventCountry "ESP"]
[SourceTitle "Ajedrez en Madrid"]
[Source "lmi"]
[SourceDate "2013.08.02"]
[SourceVersion "1"]
[SourceVersionDate "2018.07.18"]
[SourceQuality "1"]

1. d4 d5 2. Nf3 Nf6 3. c4 c6 4. Qc2 g6 5. Bf4 Bg7 6. e3 O-O 7. h3 c5 8. dxc5
Qa5+ 9. Nbd2 Qxc5 10. Bd3 Nc6 11. a3 dxc4 12. Qxc4 Qxc4 13. Nxc4 Nd7 14. O-O-O
Nc5 15. Bc2 b5 16. Nce5 Nxe5 17. Bxe5 Bb7 18. Bxg7 Kxg7 19. Rd4 Rfc8 20. Kb1
Rc7 21. Rhd1 a5 22. Ne1 e5 23. Rd8 Ra6 24. f3 b4 25. R1d6 Bc6 26. Nd3 Nb7 27.
Nxe5 Nxd6 28. Rxd6 Bb5 29. Rxa6 Bxa6 30. axb4 axb4 31. h4 Bf1 32. g3 f6 33. Bd3
Bg2 34. Nc4 Bxf3 35. Kc2 Be4 36. Bxe4 Rxc4+ 37. Kd3 Rc1 38. Ke2 f5 39. Bd3 Kf6
40. b3 Ke5 41. Kf3 Rc3 0-1

[Event "39. Open Ciutat de Badalona 2013"]
[Site "Badalona ESP"]
[Date "2013.08.05"]
[Round "4.9"]
[White "Lorenzo De La Riva, Lazaro"]
[Black "Colon Garcia, Enrique"]
[Result "1-0"]
[WhiteElo "2449"]
[BlackElo "2380"]
[PlyCount "93"]
[EventDate "2013.08.02"]
[EventType "swiss"]
[EventRounds "9"]
[EventCountry "ESP"]
[SourceTitle "Ajedrez en Madrid"]
[Source "lmi"]
[SourceDate "2013.08.02"]
[SourceVersion "1"]
[SourceVersionDate "2018.07.18"]
[SourceQuality "1"]

1. e4 c5 2. Nf3 d6 3. d4 cxd4 4. Nxd4 Nf6 5. Nc3 a6 6. Bc4 e6 7. Bb3 b5 8. O-O
Be7 9. Be3 O-O 10. f4 Qc7 11. f5 e5 12. Nde2 Bb7 13. Ng3 Nbd7 14. a3 Nc5 15.
Bd5 Bxd5 16. Nxd5 Nxd5 17. Qxd5 Nd7 18. Qd2 Rac8 19. c3 Qc4 20. Rae1 Rfd8 21.
Bg5 f6 22. Be3 Nc5 23. Bxc5 dxc5 24. Qc2 Qd3 25. Qxd3 Rxd3 26. Rf3 Rxf3 27.
gxf3 Rd8 28. Kf2 c4 29. Ke2 Bc5 30. Nf1 Rd3 31. Ra1 g6 32. fxg6 hxg6 33. a4 Rd7
34. axb5 axb5 35. Ra8+ Kf7 36. Rb8 Ke6 37. Rxb5 Kd6 38. Nd2 Rh7 39. Nxc4+ Kc6
40. Ra5 Rxh2+ 41. Kd3 g5 42. b4 Be7 43. Ra6+ Kb7 44. b5 Rf2 45. Na5+ Kc8 46. b6
Rxf3+ 47. Kc4 1-0

[Event "39. Open Ciutat de Badalona 2013"]
[Site "Badalona ESP"]
[Date "2013.08.05"]
[Round "4.10"]
[White "Narciso Dublan, Marc"]
[Black "Uribe Arteaga, Daniel"]
[Result "0-1"]
[WhiteElo "2505"]
[BlackElo "2266"]
[PlyCount "106"]
[EventDate "2013.08.02"]
[EventType "swiss"]
[EventRounds "9"]
[EventCountry "ESP"]
[SourceTitle "Ajedrez en Madrid"]
[Source "lmi"]
[SourceDate "2013.08.02"]
[SourceVersion "1"]
[SourceVersionDate "2018.07.18"]
[SourceQuality "1"]

1. d4 d5 2. c4 c6 3. Nf3 Nf6 4. e3 g6 5. Be2 Bg7 6. O-O O-O 7. Nc3 e6 8. b4
Nbd7 9. Qb3 b6 10. cxd5 cxd5 11. a4 Bb7 12. a5 bxa5 13. Rxa5 Ne4 14. Bb2 Qb8
15. Na4 g5 16. Rd1 g4 17. Nd2 Nxf2 18. Kxf2 Qxh2 19. Nf1 Qh4+ 20. g3 Qh3 21.
Nc5 Bc8 22. Rda1 Nf6 23. Rxa7 Rxa7 24. Rxa7 h5 25. e4 dxe4 26. Qe3 h4 27. gxh4
Qxh4+ 28. Qg3 Qg5 29. Ne3 e5 30. Qxe5 Qg6 31. Qh2 Nh5 32. Ke1 Qg5 33. Ra3 Re8
34. Ng2 Bxd4 35. Bxd4 Qc1+ 36. Bd1 Qxa3 37. Ne3 Qxb4+ 38. Qd2 Qxd2+ 39. Kxd2 f5
40. Kc3 Kh7 41. Kc4 Kg6 42. Ba4 Rd8 43. Bc6 Nf4 44. Be5 Ne6 45. Ng2 Nxc5 46.
Kxc5 Rd2 47. Nf4+ Kg5 48. Nd5 Rc2+ 49. Kd6 Rf2 50. Bf6+ Kh6 51. Bd4 Rf3 52. Ke5
Kg5 53. Ne7 Ba6 0-1

[Event "39. Open Ciutat de Badalona 2013"]
[Site "Badalona ESP"]
[Date "2013.08.06"]
[Round "5.1"]
[White "Escobar Forero, Alder"]
[Black "Dvirnyy, Danyyil"]
[Result "1/2-1/2"]
[WhiteElo "2466"]
[BlackElo "2549"]
[PlyCount "75"]
[EventDate "2013.08.02"]
[EventType "swiss"]
[EventRounds "9"]
[EventCountry "ESP"]
[SourceTitle "Ajedrez en Madrid"]
[Source "lmi"]
[SourceDate "2013.08.02"]
[SourceVersion "1"]
[SourceVersionDate "2018.07.18"]
[SourceQuality "1"]

1. e4 e5 2. Nf3 Nc6 3. Bb5 a6 4. Ba4 Nf6 5. O-O Be7 6. Re1 b5 7. Bb3 O-O 8. c3
d5 9. exd5 Nxd5 10. Nxe5 Nxe5 11. Rxe5 c6 12. d3 Bd6 13. Re1 Re8 14. Rxe8+ Qxe8
15. Nd2 Bf5 16. Nf1 Qe6 17. c4 bxc4 18. dxc4 Nf4 19. c5 Qe4 20. Bxf4 Bxf4 21.
Ng3 Bxg3 22. hxg3 a5 23. Rc1 Be6 24. Bxe6 Qxe6 25. Qa4 h6 26. b3 Qd5 27. Qc4
Qd2 28. Qc2 Rd8 29. a3 Qxc2 30. Rxc2 Rd1+ 31. Kh2 Rd3 32. b4 Rb3 33. Rd2 Rxa3
34. Rd8+ Kh7 35. Rc8 axb4 36. Rxc6 Rc3 37. Rb6 Rxc5 38. Rxb4 1/2-1/2

[Event "39. Open Ciutat de Badalona 2013"]
[Site "Badalona ESP"]
[Date "2013.08.06"]
[Round "5.2"]
[White "Alsina Leal, Daniel"]
[Black "Munoz Pantoja, Miguel"]
[Result "1-0"]
[WhiteElo "2538"]
[BlackElo "2456"]
[PlyCount "69"]
[EventDate "2013.08.02"]
[EventType "swiss"]
[EventRounds "9"]
[EventCountry "ESP"]
[SourceTitle "Ajedrez en Madrid"]
[Source "lmi"]
[SourceDate "2013.08.02"]
[SourceVersion "1"]
[SourceVersionDate "2018.07.18"]
[SourceQuality "1"]

1. e4 c5 2. Nf3 Nc6 3. d4 cxd4 4. Nxd4 e5 5. Nb5 d6 6. N1c3 a6 7. Na3 Be6 8.
Nc4 Be7 9. Be3 b5 10. Nb6 Rb8 11. Nbd5 Nf6 12. a4 bxa4 13. Bxa6 Nxe4 14. Bb5
Qd7 15. Bxa4 Nxc3 16. bxc3 Qb7 17. O-O Kf8 18. c4 Na5 19. Rb1 Qc8 20. Rxb8 Qxb8
21. Qb1 Qc8 22. Nb6 Qd8 23. c5 d5 24. c6 d4 25. Bd2 Nc4 26. Nxc4 Bxc4 27. Qb7
Be6 28. c7 Qc8 29. Qc6 g5 30. Rb1 Kg7 31. Rb8 Qxb8 32. cxb8=Q Rxb8 33. h4 Rb1+
34. Kh2 Rf1 35. Qc7 1-0

[Event "39. Open Ciutat de Badalona 2013"]
[Site "Badalona ESP"]
[Date "2013.08.06"]
[Round "5.3"]
[White "Lorenzo De La Riva, Lazaro"]
[Black "Flores Rios, Mauricio"]
[Result "1-0"]
[WhiteElo "2449"]
[BlackElo "2519"]
[PlyCount "53"]
[EventDate "2013.08.02"]
[EventType "swiss"]
[EventRounds "9"]
[EventCountry "ESP"]
[SourceTitle "Ajedrez en Madrid"]
[Source "lmi"]
[SourceDate "2013.08.02"]
[SourceVersion "1"]
[SourceVersionDate "2018.07.18"]
[SourceQuality "1"]

1. e4 c5 2. Nf3 e6 3. d3 Nc6 4. g3 g6 5. Bg2 Bg7 6. O-O Nge7 7. c3 e5 8. a3 d6
9. b4 a6 10. Bb2 O-O 11. Nbd2 h6 12. Rb1 cxb4 13. cxb4 f5 14. Re1 g5 15. d4 g4
16. Nh4 fxe4 17. d5 Nd4 18. Nxe4 b5 19. Bxd4 exd4 20. Nc5 h5 21. Ne6 Bxe6 22.
Rxe6 Rf7 23. Be4 Qf8 24. Qd3 Rf6 25. Re1 Rxe6 26. Bh7+ Kh8 27. Rxe6 1-0

[Event "39. Open Ciutat de Badalona 2013"]
[Site "Badalona ESP"]
[Date "2013.08.06"]
[Round "5.4"]
[White "Fluvia Poyatos, Joan"]
[Black "Panelo, Marcelo"]
[Result "1-0"]
[WhiteElo "2491"]
[BlackElo "2438"]
[PlyCount "69"]
[EventDate "2013.08.02"]
[EventType "swiss"]
[EventRounds "9"]
[EventCountry "ESP"]
[SourceTitle "Ajedrez en Madrid"]
[Source "lmi"]
[SourceDate "2013.08.02"]
[SourceVersion "1"]
[SourceVersionDate "2018.07.18"]
[SourceQuality "1"]

1. e4 e5 2. Nf3 Nc6 3. Bb5 a6 4. Ba4 Nf6 5. O-O Be7 6. Re1 b5 7. Bb3 d6 8. c3
O-O 9. h3 Na5 10. Bc2 d5 11. d3 dxe4 12. dxe4 Qxd1 13. Rxd1 Bb7 14. Nbd2 Rfd8
15. Re1 Bd6 16. b4 Nc6 17. a4 Nd7 18. Nf1 Nb6 19. Ne3 Ne7 20. a5 Nd7 21. Ba3 c5
22. Red1 cxb4 23. Bxb4 Bxb4 24. cxb4 Nf6 25. Nxe5 Bxe4 26. Bb3 Bg6 27. f4 h5
28. g4 hxg4 29. hxg4 Be4 30. Nxf7 Rxd1+ 31. Rxd1 Kh7 32. Ng5+ Kh8 33. Rd2 g6
34. Rh2+ Kg7 35. Ne6+ 1-0